000 00675cam a2200277 4500
001 J61257
008 000000n2000 000 0 eng u
035 _a(Sirsi) u105922
041 _aeng
050 _a330.941
110 _aCB Hillier Parker
_93660
245 _aEcono-property monthly review. - March -December 2000
260 _aLondon
_bCB Hillier Parker
_c2000
300 _a6 pt. ; 30cm.
350 _a0
650 _aBALANCE OF PAYMENTS
650 _aECONOMY
650 _aGDP
650 _aGILTS
650 _aINFLATION
650 _aPRODUCER PRICES
650 _aPSBR
650 _aRETAIL SALES
690 _aECONOMIC AND SOCIAL
942 _n0
999 _c100499
_d100499